书目信息 |
| 题名: |
干旱灾害风险评估与调控
|
|
| 作者: | 李原园 , 梅锦山 , 郦建强 著 | |
| 分册: | ||
| 出版信息: | 北京 中国水利水电出版社 2017 |
|
| 页数: | 232页 | |
| 开本: | 27cm | |
| 丛书名: | ||
| 单 册: | ||
| 中图分类: | P426.616 | |
| 科图分类: | ||
| 主题词: | 旱灾--han zai--灾害防治--研究--中国 | |
| 电子资源: | ||
| ISBN: | 978-7-5170-4036-1 | |
| 000 | 01257nam0 2200301 450 | |
| 001 | 012001003490 | |
| 005 | 20140102091425.0 | |
| 010 | @a978-7-5170-4036-1@dCNY68.00 | |
| 099 | @aCAL 012017149038 | |
| 100 | @a20171024d2017 em y0chiy50 ea | |
| 101 | 0 | @achi |
| 102 | @aCN@b110000 | |
| 105 | @aabk a 000yy | |
| 106 | @ar | |
| 200 | 1 | @a干旱灾害风险评估与调控@Agan han zai hai feng xian ping gu yu tiao kong@f李原园, 梅锦山, 郦建强等著 |
| 210 | @a北京@c中国水利水电出版社@d2017 | |
| 215 | @a232页@c图 (部分彩图), 地图@d27cm | |
| 300 | @a“十三五”国家重点图书出版规划项目 | |
| 320 | @a有书目 (第210-217页) | |
| 330 | @a本书针对变化环境下我国干旱灾害存在的主要问题和面临的形势,以干旱与旱灾系统为研究对象,在大量科学研究、实证研究和对干旱进行综合分析与对旱灾进行风险评估的基础上,进行机理研究、理论探讨、技术分析、方法研究和综合集成,阐述并回答新时期我国干旱灾害风险评估及调控的重大理论技术问题与关键战略问题。 | |
| 333 | @a适用于从事水资源与干旱研究人员及相关读者。 | |
| 606 | 0 | @a旱灾@Ahan zai@x灾害防治@x研究@y中国 |
| 690 | @aP426.616@v5 | |
| 701 | 0 | @a李原园@Ali yuan yuan@4著 |
| 701 | 0 | @a梅锦山@Amei jin shan@4著 |
| 701 | 0 | @a郦建强@Ali jian qiang@4著 |
| 801 | 2 | @aCN@b北京卓展@c20191020 |
| 905 | @b1211842-5@dP426.616@e163@f4 | |
| 干旱灾害风险评估与调控/李原园, 梅锦山, 郦建强等著.-北京:中国水利水电出版社,2017 |
| 232页:图 (部分彩图), 地图;27cm |
| “十三五”国家重点图书出版规划项目.-使用对象:适用于从事水资源与干旱研究人员及相关读者。 |
| ISBN 978-7-5170-4036-1:CNY68.00 |
| 本书针对变化环境下我国干旱灾害存在的主要问题和面临的形势,以干旱与旱灾系统为研究对象,在大量科学研究、实证研究和对干旱进行综合分析与对旱灾进行风险评估的基础上,进行机理研究、理论探讨、技术分析、方法研究和综合集成,阐述并回答新时期我国干旱灾害风险评估及调控的重大理论技术问题与关键战略问题。 |
| ● |
| 相关链接 |
|
|
|
|
正题名:干旱灾害风险评估与调控
索取号:P426.616/163
 
预约/预借
| 序号 | 登录号 | 条形码 | 馆藏地/架位号 | 状态 | 备注 |
| 1 | 1211842 | 212118420 | 第二样本阅览室/ [索取号:P426.616/163] | 在馆 | |
| 2 | 1211843 | 212118439 | 第三借阅区/ [索取号:P426.616/163] | 在馆 | |
| 3 | 1211844 | 212118448 | 第三借阅区/ [索取号:P426.616/163] | 在馆 | |
| 4 | 1211845 | 212118457 | 第三借阅区/ [索取号:P426.616/163] | 在馆 |